Essentials of engineering fluid mechanics (Record no. 15937)

000 -LEADER
fixed length control field 00557nam a22002057a 4500
001 - CONTROL NUMBER
control field 15937
003 - CONTROL NUMBER IDENTIFIER
control field BD-DhUET
008 - FIXED-LENGTH DATA ELEMENTS--GENERAL INFORMATION
fixed length control field 150207b1961 xxu||||| |||| 00| 0 eng d
020 ## - INTERNATIONAL STANDARD BOOK NUMBER
International Standard Book Number 0700225323
040 ## - CATALOGING SOURCE
Original cataloging agency DLC
Transcribing agency DLC
Modifying agency BD-DhUET
082 ## - DEWEY DECIMAL CLASSIFICATION NUMBER
Classification number 620.1113
Item number OLS/1961
100 ## - MAIN ENTRY--PERSONAL NAME
Personal name Olson, Reuben M.
245 ## - TITLE STATEMENT
Title Essentials of engineering fluid mechanics
250 ## - EDITION STATEMENT
Edition statement 1st ed.
260 ## - PUBLICATION, DISTRIBUTION, ETC. (IMPRINT)
Place of publication, distribution, etc. Scranton
Name of publisher, distributor, etc. International Textbook
Date of publication, distribution, etc. 1961
300 ## - PHYSICAL DESCRIPTION
Extent xi, 404 p.
Other physical details ill.
504 ## - BIBLIOGRAPHY, ETC. NOTE
Bibliography, etc Includes bibliographies
650 #0 - SUBJECT ADDED ENTRY--TOPICAL TERM
Topical term or geographic name as entry element Fluids mechanics : Engineering
942 ## - ADDED ENTRY ELEMENTS (KOHA)
Koha item type General Book
Holdings
Koha normalized classification for sorting Not for loan Copy number Date acquired Lost status Price effective from Source of classification or shelving scheme Withdrawn status Koha date last seen Shelving location Koha full call number Location (home branch) Sublocation or collection (holding branch) Koha item type Damaged status Piece designation (barcode)
620_111300000000000_OLS_1961 12015-03-16 2015-03-16  2015-03-16Circulation section620.1113/OLS/1961Central Library, BUETCentral Library, BUETGeneral Book 9472
620_111300000000000_OLS_1961 22015-03-18 2015-03-18  2015-03-18Circulation section620.1113/OLS/1961Central Library, BUETCentral Library, BUETGeneral Book 8960
620_111300000000000_OLS_1961 32015-04-22 2015-04-22  2015-04-22Circulation section620.1113/OLS/1961Central Library, BUETCentral Library, BUETGeneral Book 8959
620_111300000000000_OLS_1961 42015-04-22 2015-04-22  2015-04-22Circulation section620.1113/OLS/1961Central Library, BUETCentral Library, BUETGeneral Book 12363
620_111300000000000_OLS_1961 52015-04-22 2015-04-22  2015-04-22Circulation section620.1113/OLS/1961Central Library, BUETCentral Library, BUETGeneral Book 35182
620_111300000000000_OLS_1961 62015-04-22 2015-04-22  2015-04-22Circulation section620.1113/OLS/1961Central Library, BUETCentral Library, BUETGeneral Book 12362
620_111300000000000_OLS_1961 72015-04-22 2015-04-22  2015-04-22Circulation section620.1113/OLS/1961Central Library, BUETCentral Library, BUETGeneral Book 9837